Live television : time, space and the broadcast event /

In this accessible book, Stephanie Marriott engages in a close and detailed analysis of the nature of live television. She examines the transformations in our experience of time and space which are brought about by the capacity of broadcasting, to bring us the world in the moment in which it is unfo...

Full description

Bibliographic Details
Main Author: Marriott, Stephanie
Corporate Author: Sage Publications
Format: eBook
Language:English
Published: Los Angeles, [Calif.] ; London : SAGE, c2007.
Series:Media culture & society series.
Subjects:
Online Access:Connect to the full text of this electronic book

MARC

Tag First Indicator Second Indicator Subfields
LEADER 00000nam a2200000 a 4500
001 in00004754521
006 m|||||o||d||||||||
007 cr |||||||||||
008 120418s2007 cau fo| 001|0|eng|d
005 20231120173553.5
020 |a 9781446218273 (ebook) :  |c No price 
035 |a (OCoLC)476254632 
035 |a (StDuBDS)EDZ0000076868 
040 |a StDuBDS  |b eng  |c StDuBDS  |e pn 
050 0 |a PN1992.8.L58  |b M38 2007 
082 0 4 |a 791.453  |2 23 
100 1 |a Marriott, Stephanie. 
245 1 0 |a Live television :  |b time, space and the broadcast event /  |c Stephanie Marriott. 
260 |a Los Angeles, [Calif.] ;  |a London :  |b SAGE,  |c c2007. 
300 |a 1 online resource (137 pages). 
336 |a text  |b txt  |2 rdacontent 
337 |a computer  |b c  |2 rdamedia 
338 |a online resource  |b cr  |2 rdacarrier 
490 1 |a Media culture & society series 
520 8 |a In this accessible book, Stephanie Marriott engages in a close and detailed analysis of the nature of live television. She examines the transformations in our experience of time and space which are brought about by the capacity of broadcasting, to bring us the world in the moment in which it is unfolding. 
521 |a Specialized. 
588 |a Description based on print version record. 
504 |a Includes bibliographical references and index. 
650 0 |a Live television programs. 
655 7 |a Electronic books.  |2 local 
710 2 |a Sage Publications. 
776 0 8 |i Print version :  |z 9780761959106 
830 0 |a Media culture & society series. 
856 4 0 |u http://proxy.library.tamu.edu/login?url=https://sk.sagepub.com/books/live-television  |z Connect to the full text of this electronic book  |t 0 
955 |a SAGE Knowledge 
999 f f |s e392dddf-2797-4744-b193-6067e3854e8f  |i 3419e050-4395-4de5-acad-746e503de97d  |t 0 
952 f f |a Texas A&M University  |b College Station  |c Electronic Resources  |d Available Online  |t 0  |e PN1992.8.L58 M38 2007  |h Library of Congress classification 
998 f f |a PN1992.8.L58 M38 2007  |t 0  |l Available Online